000 01172cam a2200349 i 4500
001 21548488
005 20220401170948.0
006 m |o d |
007 cr||||||||||||
008 181203t20192019enkab ob 001 0 eng
010 _a 2019719595
020 _a9781135106829
020 _a9780203798942
020 _z9780415858694
020 _z9780415858700
040 _aDLC
_beng
_erda
_cDLC
_dDLC
050 0 0 _aGB661.2
082 0 0 _a551.48
_223
100 1 _aDavie, Tim,
_eauthor.
245 1 0 _aFundamentals of hydrology /
_cTim Davie and Nevil Wyndham Quinn.
250 _a3rd ed.
260 _aLondon :
_bRoutledge,
_c2019
300 _axix, 285 p. :
_bill. ;
_c25cm
490 0 _aRoutledge Fundamentals of Physical Geography Series
500 _aPrevious edition: 2008.
504 _aIncludes bibliographical references and index.
650 0 _aHydrology
_vTextbooks.
776 0 8 _iPrint version:
_tFundamentals of hydrology
_dLondon ; New York : Routledge, Taylor & Francis Group, 2019.
_z9780415858694
_w(DLC) 2018057141
906 _a7
_bcbc
_corigcop
_d1
_eecip
_f20
_gy-gencatlg
942 _2lcc
_cBOOKS
999 _c30756
_d30756